A PEOPLE'S HISTORY OF THE WORLD (Record no. 27945)
[ view plain ]
| 000 -LEADER | |
|---|---|
| fixed length control field | 00314nam a22001457a 4500 |
| 003 - CONTROL NUMBER IDENTIFIER | |
| control field | SGT |
| 020 ## - INTERNATIONAL STANDARD BOOK NUMBER | |
| International Standard Book Number | 8125028439 |
| 082 ## - DEWEY DECIMAL CLASSIFICATION NUMBER | |
| Classification number | 954 |
| Item number | A99H |
| 100 ## - MAIN ENTRY--PERSONAL NAME | |
| Personal name | HARMAN, CHRIS |
| 245 ## - TITLE STATEMENT | |
| Title | A PEOPLE'S HISTORY OF THE WORLD |
| 260 ## - PUBLICATION, DISTRIBUTION, ETC. (IMPRINT) | |
| Name of publisher, distributor, etc | ORIENT LONGMAN |
| Year of Publication | 1999 |
| 300 ## - PAGE DESCRIPTION | |
| No. of Pages | 729 |
| 650 ## - SUBJECT ADDED ENTRY--TOPICAL TERM | |
| Topical term or geographic name as entry element | INDIAN HISTORY |
| 942 ## - ADDED ENTRY ELEMENTS (KOHA) | |
| Source of classification or shelving scheme | Dewey Decimal Classification |
| Koha item type | Books |
| Withdrawn status | Lost status | Source of classification or shelving scheme | Damaged status | Not for loan | Home library | Current library | Shelving location | Date acquired | Cost, normal purchase price | SGTU | Total Checkouts | Full call number | Accession No. (Barcode) | Date last seen | Bill Date | Koha item type |
|---|---|---|---|---|---|---|---|---|---|---|---|---|---|---|---|---|
| Dewey Decimal Classification | Not For Loan | SGT Chancellor's Library | SGT Chancellor's Library | Reference Book | 05/12/2024 | 385.00 | SGTU | 954 A99H | CH935 | 05/12/2024 | 05/12/2024 | Books |